Svůdný klam Třetí říše : fascinující a násilná tvář fašismu / Peter Reichel ; [z německého originálu ... přeložil Josef Boček]
Publikace zkoumá různé aspekty vlivu nacistické ideologie a politiky na jednotlivé oblasti života obyvatel "Třetí říše".
Snaha postihnout příčiny úspěchu režimu, který dokázal nejenom oslovit, ale zcela fascinovat značnou část tehdejší německé populace. Analýza vlivu nacionálního socialismu na architekturu, divadlo, film, hudbu, literaturu, výtvarné umění, masmédia, sport, bydlení, práci, zábavu i duchovní život Němců. Nacistická ideologie v každodenním životě... Autor dochází k závěru, že režim dokázal propojit veškeré oblasti lidského života s nacistickou ideologií a tak si podřídil celou německou společnost!
Record details
- ISBN: 80-7203-604-1 (váz.)
- Physical Description: 384 s., [36] s. obr. příl. : il., portréty, faksim. ; 22 cm
- Edition: Vyd. 1.
- Publisher: Praha : Argo, 2004
Content descriptions
| Bibliography, etc. Note: | Obsahuje bibliografii, bibliografické odkazy a rejstřík |
Search for related items by series
Available copies
- 1 of 1 copy available at Common Catalog SPOK.
Holds
- 0 current holds with 1 total copy.
Show All Copies
| Location | Call Number / Copy Notes | Barcode | Shelving Location | Status | Due Date |
|---|---|---|---|---|---|
| Terezin Initiative Institute | 4540 | 4594304540 | Knihovna ITI | Available | - |
| LDR | 03017cam a2200625 a 4500 | ||
|---|---|---|---|
| 001 | 27220 | ||
| 003 | CZ-PrJAB | ||
| 005 | 20220907123629.0 | ||
| 008 | 041207s2004 xr acfhgr 001 0 cze | ||
| 015 | . | ‡acnb001490453 | |
| 020 | . | ‡a80-7203-604-1 (váz.) | |
| 035 | . | ‡a(CONS)2038 | |
| 035 | . | ‡a(CZ PrSKC)cpk20041490453 | |
| 035 | . | ‡a(OCoLC)85124263 | |
| 040 | . | ‡aBOA001 ‡bcze ‡dABA001 | |
| 041 | 1 | . | ‡acze ‡hger |
| 080 | . | ‡a329.17 ‡2MRF | |
| 080 | . | ‡a316.72/.75 ‡2MRF | |
| 080 | . | ‡a316.7+32 ‡2MRF | |
| 080 | . | ‡a32.019.5:329.17 ‡2MRF | |
| 080 | . | ‡a304.2/.4 ‡2MRF | |
| 080 | . | ‡a323 ‡2MRF | |
| 080 | . | ‡a94(430) ‡2MRF | |
| 080 | . | ‡a(048.8) ‡2MRF | |
| 100 | 1 | . | ‡aReichel, Peter, ‡d1942- ‡7xx0027922 ‡4aut |
| 245 | 1 | 0. | ‡aSvůdný klam Třetí říše : ‡bfascinující a násilná tvář fašismu / ‡cPeter Reichel ; [z německého originálu ... přeložil Josef Boček] |
| 250 | . | ‡aVyd. 1. | |
| 260 | . | ‡aPraha : ‡bArgo, ‡c2004 | |
| 300 | . | ‡a384 s., [36] s. obr. příl. : ‡bil., portréty, faksim. ; ‡c22 cm | |
| 490 | 1 | . | ‡aHistorické myšlení ; ‡vsv. 21. ‡aTotalitarismus a šoa ; ‡vsv. 3 |
| 504 | . | ‡aObsahuje bibliografii, bibliografické odkazy a rejstřík | |
| 520 | 9 | . | ‡aPublikace zkoumá různé aspekty vlivu nacistické ideologie a politiky na jednotlivé oblasti života obyvatel "Třetí říše". |
| 520 | 9 | . | ‡aSnaha postihnout příčiny úspěchu režimu, který dokázal nejenom oslovit, ale zcela fascinovat značnou část tehdejší německé populace. Analýza vlivu nacionálního socialismu na architekturu, divadlo, film, hudbu, literaturu, výtvarné umění, masmédia, sport, bydlení, práci, zábavu i duchovní život Němců. Nacistická ideologie v každodenním životě... Autor dochází k závěru, že režim dokázal propojit veškeré oblasti lidského života s nacistickou ideologií a tak si podřídil celou německou společnost! |
| 830 | 0. | ‡aHistorické myšlení. ‡pTotalitarismus a šoa | |
| 852 | 4 | . | ‡bJACH-ITI ‡bJACH-ITI ‡cKnihovna ITI ‡j4540 ‡p4540 ‡y$0.00 |
| 910 | . | ‡aABE340 ‡b4540 | |
| 995 | . | ‡askok | |
| 901 | . | ‡a27220 ‡bISxN ‡c27220 ‡tbiblio | |